| 000 | 01535nam a22002777a 4500 | ||
|---|---|---|---|
| 005 | 20121031121741.0 | ||
| 008 | 090408t xxu||||| |||| 00| 0 hin d | ||
| 010 | _aHIN-97180 | ||
| 020 |
_a9789381317181 _c750.00 |
||
| 035 | _aHN-69526 | ||
| 037 | _bDBAD / PUB | ||
| 040 |
_aDPL _bHN |
||
| 082 | _a420 | ||
| 100 |
_927482 _aसय्यद शौकत अली |
||
| 245 |
_aहिन्दी भाषा और साहित्यःवस्तुनिष्ठ अध्ययन / _cसय्यद शौकत अली ;यशवंतकर संतोषकुमार लक्ष्मण एवं शिवशेट्टे शंकर गंगाधर |
||
| 260 |
_aकानपुर _bविकास प्रकाशन _c2012 |
||
| 270 |
_a311 सी,विश्व बैंक बर्रा, _bकानपुर _e208027 |
||
| 300 |
_a411पृ. _c22 सेमी (सजिल्द) |
||
| 650 | _91169 | ||
| 650 | _91170 | ||
| 700 |
_927483 _aयशवंतकर संतोषकुमार लक्ष्मण |
||
| 700 |
_aशिवशेट्टे शंकर गंगाधर _953444 |
||
| 942 |
_adpl _cHN _2ddc _mसय्यद _h420 |
||
| 999 |
_c71176 _d71176 |
||